00340nam a2200109Ia 4500008004100000082001700041100002800058245002400086942000600110952009900116999001500215240331s9999 xx 000 0 und d a302.234bMAK aThirunavukkarasu, P. ed 0aMakkalukkana cinema cL 001040708LaWERCLbWERCLcSSCd2024-03-31l0o 302.234 MAKp2170r2024-03-31w2024-03-31yL c1182d1182